000 01303pam a2200313 i 4500
999 _c6070
_d6070
001 019242140
003 Uk
005 20260204113023.0
008 190204s2019 enkab 000|m|eng|d
020 _z9780008329679
_qBad blood
_qpaperback
040 _aStDuBDS
_beng
_cStDuBDS
_dUk
_dKH8
_erda
041 1 _aeng
_hfre
042 _aukblsr
082 0 4 _a828.914 SAG
_223
100 _aSage, Lorna,
_eauthor.
245 0 0 _aBad Blood /
_cLorna Sage.
246 1 3 _aMatchbook classics
264 1 _a[London] :
_b[4th Estate],
_c[2019]
300 _a10 volumes :
_billustrations (black and white), maps (black and white) ;
_c20 cm
336 _atext
_2rdacontent
336 _astill image
_2rdacontent
337 _aunmediated
_2rdamedia
338 _avolume
_2rdacarrier
500 _aFormerly CIP.
_5Uk
505 0 _aBad blood / Lorna Sage -- The blue flower / Penelope Fitzgerald -- The corrections / Jonathan Franzen -- The diving-bell and the butterfly / Jean-Dominique Bauby -- Empire of the sun / J.G. Ballard -- Half of a yellow sun / Chimamanda Ngozi Adichie -- A place of greater safety / Hilary Mantel -- The shipping news / Annie Proulx -- Stuart / Alexander Masters -- The things they carried / Tim O'Brien.
650 _aChildhood
_vmemoir
650 _aFamily
_vmemoir
942 _2ddc
_cNFIC